| 000 | 00487nam a22001817a 4500 | ||
|---|---|---|---|
| 005 | 20150602073708.0 | ||
| 008 | 150602b xxu||||| |||| 00| 0 eng d | ||
| 020 | _a9780071623988 | ||
| 041 | 0 | _aeng | |
| 080 | _a004.4 | ||
| 100 | _aOppel, Andy | ||
| 245 |
_aData modeling : _cAndy Oppel. |
||
| 260 |
_aNew York : _bMcGraw-Hill, _cc2010. |
||
| 300 |
_axxiii, 338 p. : _bme il.; _c24 cm. |
||
| 650 | 0 | _2Modelimi i Databazave | |
| 700 | 1 | _aAndy Oppel | |
| 942 |
_2udc _cBK |
||
| 999 |
_c976 _d976 |
||